[Event "World Senior chT-65 2019"]
[Site "Rhodes"]
[Date "2019.04.18"]
[Round "3.4"]
[White "Zhelnin, Vladimir V"]
[Black "Snape, Ian L"]
[Result "1/2-1/2"]
[WhiteElo "2429"]
[BlackElo "2154"]
[PlyCount "114"]
[EventDate "2019.04.16"]
[EventType "team-tourn"]
[EventCountry "GRE"]
[TimeControl "40/5400+30:1800+30"]

1. e4 {[%emt 0:00:00]} c5 {[%emt 0:00:00]} 2. Nf3 {[%emt 0:00:00]} d6 {[%emt 0:00:00]} 3. d4 {[%emt 0:00:46]} cxd4 {[%emt 0:00:00]} 4. Nxd4 {[%emt 0:00:30]} Nf6 {[%emt 0:00:05]} 5. Nc3 {[%emt 0:00:33]} g6 {[%emt 0:00:29]} 6. Be2 {[%emt 0:07:45]} Bg7 {[%emt 0:00:15]} 7. O-O {[%emt 0:02:50]} O-O {[%emt 0:00:08]} 8. Bg5 {[%emt 0:00:58]} Nc6 {[%emt 0:00:34]} 9. Nb3 {[%emt 0:00:17]} a6 {[%emt 0:01:34]} 10. Re1 {[%emt 0:01:51]} b5 {[%emt 0:00:52]} 11. a3 {[%emt 0:00:11]} Bb7 {[%emt 0:03:04]} 12. Bf1 {[%emt 0:01:19]} Na5 {[%emt 0:10:11]} 13. Nxa5 {[%emt 0:04:44]} Qxa5 {[%emt 0:00:13]} 14. Qd2 {[%emt 0:04:18]} Rac8 {[%emt 0:22:32]} 15. f3 {[%emt 0:10:46]} Rfd8 {[%emt 0:06:05]} 16. Rad1 {[%emt 0:00:56]} Qc7 {[%emt 0:05:55]} 17. Bd3 {[%emt 0:12:41]} Re8 {[%emt 0:02:11]} 18. Bh6 {[%emt 0:11:46]} Qc5+ {[%emt 0:03:01]} 19. Kh1 {[%emt 0:02:00]} Bh8 {[%emt 0:02:57]} 20. Be3 {[%emt 0:02:37]} Qc7 {[%emt 0:00:28]} 21. a4 {[%emt 0:01:51]} b4 {[%emt 0:00:52]} 22. Na2 {[%emt 0:00:12]} a5 {[%emt 0:01:56]} 23. c3 {[%emt 0:00:50]} b3 {[%emt 0:01:34]} 24. Nc1 {[%emt 0:00:10]} Bc6 {[%emt 0:00:19]} 25. Bc4 {[%emt 0:10:31]} Bxa4 {[%emt 0:01:59]} 26. Bxb3 {[%emt 0:00:07]} Bxb3 {[%emt 0:07:01]} 27. Nxb3 {[%emt 0:00:01]} Rb8 {[%emt 0:03:34]} 28. Nd4 {[%emt 0:00:32]} Qb7 {[%emt 0:00:55]} 29. Rb1 {[%emt 0:00:58]} a4 {[%emt 0:00:52]} 30. Nc2 {[%emt 0:02:47]} Nd7 {[%emt 0:01:37]} 31. Nb4 {[%emt 0:05:19]} Nc5 {[%emt 0:00:24]} 32. Red1 {[%emt 0:06:49]} Bg7 {[%emt 0:01:40]} 33. Kg1 {[%emt 0:01:39]} h5 {[%emt 0:03:01]} 34. Bxc5 {[%emt 0:01:50]} dxc5 {[%emt 0:00:06]} 35. Nc2 {[%emt 0:00:16]} Qc7 {[%emt 0:01:23]} 36. Na3 {[%emt 0:00:22]} Be5 {[%emt 0:03:14]} 37. g3 {[%emt 0:01:28]} h4 {[%emt 0:01:01]} 38. f4 {[%emt 0:00:42]} Bg7 {[%emt 0:00:19]} 39. Nc4 {[%emt 0:01:52]} Red8 {[%emt 0:00:53]} 40. Qe2 {[%emt 0:00:00]} hxg3 {[%emt 0:00:00]} 41. hxg3 {[%emt 0:00:36]} Qc6 {[%emt 0:04:43]} 42. Kf2 {[%emt 0:12:26]} Rd7 {[%emt 0:02:13]} 43. Rxd7 {[%emt 0:03:27]} Qxd7 {[%emt 0:00:29]} 44. Rd1 {[%emt 0:00:21]} Qh3 {[%emt 0:00:40]} 45. Rd2 {[%emt 0:01:35]} g5 {[%emt 0:21:44]} 46. f5 {[%emt 0:02:35]} a3 {[%emt 0:00:00]} 47. Nxa3 {[%emt 0:10:26]} Be5 {[%emt 0:00:00]} 48. Qe3 {[%emt 0:04:03]} Qh2+ {[%emt 0:00:00]} 49. Kf1 {[%emt 0:09:50]} Qh3+ {[%emt 0:04:50]} 50. Ke2 {[%emt 0:03:51]} f6 {[%emt 0:02:01]} 51. Qxc5 {[%emt 0:02:30]} Bxg3 {[%emt 0:05:12]} 52. Qd5+ {[%emt 0:00:00]} Kf8 {[%emt 0:00:50]} 53. Nc4 {[%emt 0:00:47]} Bf4 {[%emt 0:00:39]} 54. Rd4 {[%emt 0:02:19]} Qg4+ {[%emt 0:01:47]} 55. Ke1 {[%emt 0:00:00]} Qg1+ {[%emt 0:02:05]} 56. Ke2 {[%emt 0:00:00]} Qg4+ {[%emt 0:00:08]} 57. Ke1 {[%emt 0:00:00]} Qg1+ {[%emt 0:00:35]} 1/2-1/2

[Event "World Senior chT-65 2019"]
[Site "Rhodes"]
[Date "2019.04.18"]
[Round "3.5"]
[White "Knaak, Rainer"]
[Black "Faibisovich, Vadim Z"]
[Result "1/2-1/2"]
[WhiteElo "2482"]
[BlackElo "2302"]
[PlyCount "99"]
[EventDate "2019.04.16"]
[EventType "team-tourn"]
[EventCountry "GRE"]
[TimeControl "40/5400+30:1800+30"]

1. d4 {[%emt 0:00:00]} Nf6 {[%emt 0:00:00]} 2. Bf4 {[%emt 0:00:00]} d5 {[%emt 0:01:19]} 3. e3 {[%emt 0:00:01]} c5 {[%emt 0:03:46]} 4. dxc5 {[%emt 0:01:42]} Qa5+ {[%emt 0:02:47]} 5. Nc3 {[%emt 0:02:37]} Qxc5 {[%emt 0:03:37]} 6. Bxb8 {[%emt 0:04:03]} Rxb8 {[%emt 0:00:40]} 7. Bb5+ {[%emt 0:00:06]} Bd7 {[%emt 0:18:44]} 8. Bxd7+ {[%emt 0:00:09]} Kxd7 {[%emt 0:00:28]} 9. Nf3 {[%emt 0:01:21]} Ke8 {[%emt 0:01:32]} 10. O-O {[%emt 0:35:48]} e6 {[%emt 0:01:17]} 11. Qd3 {[%emt 0:00:43]} Qc4 {[%emt 0:10:33]} 12. Qxc4 {[%emt 0:01:38]} dxc4 {[%emt 0:00:09]} 13. Ne5 {[%emt 0:00:22]} Bb4 {[%emt 0:09:18]} 14. Nb5 {[%emt 0:17:59]} a6 {[%emt 0:02:47]} 15. a3 {[%emt 0:04:17]} Bc5 {[%emt 0:09:56]} 16. Nc3 {[%emt 0:00:14]} b5 {[%emt 0:02:00]} 17. Rfd1 {[%emt 0:00:06]} Rc8 {[%emt 0:00:19]} 18. Rd2 {[%emt 0:06:31]} Ke7 {[%emt 0:01:54]} 19. Rad1 {[%emt 0:00:06]} Rc7 {[%emt 0:00:23]} 20. h4 {[%emt 0:03:41]} h5 {[%emt 0:02:12]} 21. Kf1 {[%emt 0:00:09]} b4 {[%emt 0:05:13]} 22. axb4 {[%emt 0:03:09]} Bxb4 {[%emt 0:00:10]} 23. Rd4 {[%emt 0:01:01]} Bxc3 {[%emt 0:06:12]} 24. bxc3 {[%emt 0:00:05]} Rhc8 {[%emt 0:00:43]} 25. e4 {[%emt 0:02:46]} Rc5 {[%emt 0:03:20]} 26. Nd7 {[%emt 0:01:35]} R5c6 {[%emt 0:05:11]} 27. f4 {[%emt 0:00:28]} R8c7 {[%emt 0:01:53]} 28. Ne5 {[%emt 0:00:07]} Rc5 {[%emt 0:00:12]} 29. Ke2 {[%emt 0:00:11]} a5 {[%emt 0:00:36]} 30. Kf3 {[%emt 0:00:38]} g6 {[%emt 0:01:44]} 31. Rd8 {[%emt 0:04:11]} Ng4 {[%emt 0:01:28]} 32. Nxg4 {[%emt 0:02:38]} hxg4+ {[%emt 0:00:08]} 33. Kxg4 {[%emt 0:00:10]} Ra7 {[%emt 0:00:04]} 34. Rb8 {[%emt 0:00:44]} a4 {[%emt 0:00:26]} 35. Ra1 {[%emt 0:00:57]} a3 {[%emt 0:00:14]} 36. Ra2 {[%emt 0:00:28]} Kf6 {[%emt 0:02:06]} 37. Kf3 {[%emt 0:00:14]} e5 {[%emt 0:01:18]} 38. Rb6+ {[%emt 0:00:17]} Ke7 {[%emt 0:00:12]} 39. f5 {[%emt 0:02:10]} gxf5 {[%emt 0:01:04]} 40. exf5 {[%emt 0:00:00]} Rd5 {[%emt 0:00:00]} 41. g4 {[%emt 0:02:57]} Rd1 {[%emt 0:01:27]} 42. f6+ {[%emt 0:07:43]} Kd7 {[%emt 0:00:39]} 43. g5 {[%emt 0:00:15]} Rh1 {[%emt 0:03:58]} 44. Kg4 {[%emt 0:15:22]} e4 {[%emt 0:02:09]} 45. Rb4 {[%emt 0:00:15]} e3 {[%emt 0:02:36]} 46. Kf3 {[%emt 0:00:16]} Rxh4 {[%emt 0:02:45]} 47. Kxe3 {[%emt 0:00:11]} Ra5 {[%emt 0:01:44]} 48. Rb7+ {[%emt 0:00:53] Ra7 [%emt 00:00:54] Rb6 [%emt 00:00:04]} Ke6 {[%emt 0:01:00]} 49. Rb4 {[%emt 0:00:30]} Rh5 {[%emt 0:00:35]} 50. Ke4 {[%emt 0:00:04] Ke5+} 1/2-1/2

[Event "World Senior chT-65 2019"]
[Site "Rhodes"]
[Date "2019.04.18"]
[Round "3.6"]
[White "Karasev, Vladimir I"]
[Black "Vogt, Lothar"]
[Result "1/2-1/2"]
[WhiteElo "2281"]
[BlackElo "2362"]
[Annotator "NA"]
[PlyCount "29"]
[EventDate "2019.04.16"]
[EventType "team-tourn"]
[EventCountry "GRE"]
[SourceTitle "playchess.com"]
[Source "ChessBase"]
[SourceQuality "1"]
[WhiteTeam "Russia"]
[BlackTeam "Germany"]
[WhiteTeamCountry "RUS"]
[BlackTeamCountry "GER"]
[TimeControl "40/5400+30:1800+30"]

1. e4 {[%emt 0:00:00]} c5 {[%emt 0:00:00]} 2. Nf3 {[%emt 0:00:00]} d6 {[%emt 0:01:26]} 3. d4 {[%emt 0:00:00]} cxd4 {[%emt 0:00:05]} 4. Qxd4 {[%emt 0:00:00]} a6 {[%emt 0:01:23]} 5. c4 {[%emt 0:02:52]} Nc6 {[%emt 0:00:31]} 6. Qd2 {[%emt 0:00:34]} Nf6 {[%emt 0:00:55]} 7. Nc3 {[%emt 0:00:04]} g6 {[%emt 0:03:31]} 8. b3 {[%emt 0:00:21]} Bg7 {[%emt 0:00:20]} 9. Bb2 {[%emt 0:00:14]} O-O {[%emt 0:00:29]} 10. Be2 {[%emt 0:00:48]} Qa5 {[%emt 0:02:58]} 11. Nd5 {[%emt 0:07:04]} Qxd2+ {[%emt 0:02:20]} 12. Nxd2 {[%emt 0:00:02]} Nd7 {[%emt 0:05:01]} 13. Bxg7 {[%emt 0:02:56]} Kxg7 {[%emt 0:00:03]} 14. Nf3 {[%emt 0:02:47]} Nc5 {[%emt 0:05:03]} 15. Nc3 {[%emt 0:02:39]} 1/2-1/2

[Event "World Senior chT-65 2019"]
[Site "Rhodes"]
[Date "2019.04.18"]
[Round "3.7"]
[White "Kiefer, Gerhard"]
[Black "Shushpanov, Vladimir"]
[Result "0-1"]
[WhiteElo "2279"]
[BlackElo "2180"]
[PlyCount "102"]
[EventDate "2019.04.16"]
[EventType "team-tourn"]
[EventCountry "GRE"]
[TimeControl "40/5400+30:1800+30"]

1. e4 {[%emt 0:00:00]} c6 {[%emt 0:00:00]} 2. d4 {[%emt 0:00:00]} d5 {[%emt 0:00:00]} 3. Nc3 {[%emt 0:00:00]} b5 {[%emt 0:00:02]} 4. Bd3 {[%emt 0:18:54]} b4 {[%emt 0:01:32]} 5. Na4 {[%emt 0:00:09]} dxe4 {[%emt 0:00:41]} 6. Bxe4 {[%emt 0:00:05]} Nf6 {[%emt 0:00:39]} 7. Bf3 {[%emt 0:00:05]} Bf5 {[%emt 0:01:41]} 8. Ne2 {[%emt 0:04:38]} e6 {[%emt 0:00:30]} 9. Ng3 {[%emt 0:00:23]} Bg6 {[%emt 0:00:28]} 10. O-O {[%emt 0:03:35]} Be7 {[%emt 0:02:51]} 11. c4 {[%emt 0:05:15]} bxc3 {[%emt 0:10:14]} 12. bxc3 {[%emt 0:00:15]} O-O {[%emt 0:00:51]} 13. Re1 {[%emt 0:12:23]} Qc7 {[%emt 0:06:29]} 14. Qe2 {[%emt 0:09:49]} Nbd7 {[%emt 0:02:50]} 15. Qa6 {[%emt 0:01:54]} Nb6 {[%emt 0:10:21]} 16. Nc5 {[%emt 0:10:14]} Nbd5 {[%emt 0:04:02]} 17. Bd2 {[%emt 0:04:36]} Qb6 {[%emt 0:03:42]} 18. Qxb6 {[%emt 0:04:32]} axb6 {[%emt 0:00:28]} 19. Nce4 {[%emt 0:00:02]} Nxe4 {[%emt 0:02:01]} 20. Nxe4 {[%emt 0:00:51]} Ra4 {[%emt 0:01:21]} 21. Bd1 {[%emt 0:00:37]} Ra3 {[%emt 0:03:06]} 22. Bb3 {[%emt 0:00:10]} Rfa8 {[%emt 0:00:50]} 23. f3 {[%emt 0:05:34]} h6 {[%emt 0:06:05]} 24. Rab1 {[%emt 0:00:10]} b5 {[%emt 0:01:24]} 25. Rb2 {[%emt 0:01:07]} Nb6 {[%emt 0:02:35]} 26. Bc1 {[%emt 0:04:38]} R3a7 {[%emt 0:02:07]} 27. Be3 {[%emt 0:01:02]} Nd5 {[%emt 0:00:45]} 28. Bd2 {[%emt 0:00:11]} Nf6 {[%emt 0:02:09]} 29. Rc2 {[%emt 0:02:25]} c5 {[%emt 0:03:51]} 30. dxc5 {[%emt 0:02:21]} Nxe4 {[%emt 0:00:56]} 31. fxe4 {[%emt 0:00:09]} Bxc5+ {[%emt 0:00:20]} 32. Kh1 {[%emt 0:04:29]} Rd7 {[%emt 0:00:56]} 33. Bf4 {[%emt 0:02:14]} Bxe4 {[%emt 0:01:23]} 34. Rd2 {[%emt 0:00:15]} Rxd2 {[%emt 0:00:44]} 35. Bxd2 {[%emt 0:00:14]} Bd5 {[%emt 0:00:21]} 36. h3 {[%emt 0:01:01]} Bxb3 {[%emt 0:00:37]} 37. axb3 {[%emt 0:00:02]} Ra2 {[%emt 0:00:56]} 38. Rd1 {[%emt 0:01:31]} Rc2 {[%emt 0:01:31]} 39. Be1 {[%emt 0:01:37]} f5 {[%emt 0:00:41]} 40. b4 {[%emt 0:00:00]} Be3 {[%emt 0:00:00]} 41. g3 {[%emt 0:05:15]} Kf7 {[%emt 0:01:34]} 42. Ra1 {[%emt 0:04:19]} Re2 {[%emt 0:00:32]} 43. c4 {[%emt 0:00:59]} bxc4 {[%emt 0:00:26]} 44. Bc3 {[%emt 0:00:09]} Rc2 {[%emt 0:01:16]} 45. Be5 {[%emt 0:00:04]} Rc1+ {[%emt 0:01:26]} 46. Rxc1 {[%emt 0:00:10]} Bxc1 {[%emt 0:00:06]} 47. Kg2 {[%emt 0:00:58]} g6 {[%emt 0:01:26]} 48. Kf3 {[%emt 0:00:07]} Ke7 {[%emt 0:00:18]} 49. b5 {[%emt 0:00:57]} Kd7 {[%emt 0:01:15]} 50. Ke2 {[%emt 0:01:45]} Ba3 {[%emt 0:00:33]} 51. Kd2 {[%emt 0:00:19]} Bd6 {[%emt 0:00:33]} 0-1

[Event "World Senior chT-65 2019"]
[Site "Rhodes"]
[Date "2019.04.18"]
[Round "3.8"]
[White "Blechzin, Igor"]
[Black "Buchal, Stephan"]
[Result "1/2-1/2"]
[WhiteElo "2210"]
[BlackElo "2283"]
[Annotator "NA"]
[PlyCount "27"]
[EventDate "2019.04.16"]
[EventType "team-tourn"]
[EventCountry "GRE"]
[SourceTitle "playchess.com"]
[Source "ChessBase"]
[SourceQuality "1"]
[WhiteTeam "Russia"]
[BlackTeam "Germany"]
[WhiteTeamCountry "RUS"]
[BlackTeamCountry "GER"]
[TimeControl "40/5400+30:1800+30"]

1. c4 {[%emt 0:00:00]} g6 {[%emt 0:00:00]} 2. Nf3 {[%emt 0:00:01]} Bg7 {[%emt 0:00:00]} 3. d4 {[%emt 0:00:08]} d6 {[%emt 0:00:10]} 4. g3 {[%emt 0:00:09]} Nf6 {[%emt 0:00:10]} 5. Bg2 {[%emt 0:00:12]} O-O {[%emt 0:00:17]} 6. O-O {[%emt 0:00:16]} Nc6 {[%emt 0:00:37]} 7. Nc3 {[%emt 0:00:45]} e5 {[%emt 0:01:04]} 8. d5 {[%emt 0:02:47]} Nb8 {[%emt 0:00:23]} 9. c5 {[%emt 0:06:27]} Na6 {[%emt 0:04:49]} 10. cxd6 {[%emt 0:00:12]} cxd6 {[%emt 0:00:03]} 11. e4 {[%emt 0:00:36]} Nc5 {[%emt 0:02:52]} 12. Ne1 {[%emt 0:06:51]} a5 {[%emt 0:04:29]} 13. Nd3 {[%emt 0:05:17]} Nfd7 {[%emt 0:06:15]} 14. Be3 {[%emt 0:12:01]} 1/2-1/2

[Event "World Senior chT-65 2019"]
[Site "Rhodes"]
[Date "2019.04.18"]
[Round "3.9"]
[White "Westerinen, Heikki M.J."]
[Black "Renman, Nils-Gustaf"]
[Result "0-1"]
[WhiteElo "2286"]
[BlackElo "2358"]
[PlyCount "66"]
[EventDate "2019.04.16"]
[EventType "team-tourn"]
[EventCountry "GRE"]
[TimeControl "40/5400+30:1800+30"]

1. e4 {[%emt 0:00:00]} e6 {[%emt 0:00:00]} 2. d4 {[%emt 0:00:00]} d5 {[%emt 0:00:00]} 3. Nd2 {[%emt 0:00:28]} c5 {[%emt 0:00:25]} 4. exd5 {[%emt 0:01:31]} exd5 {[%emt 0:00:11]} 5. Ngf3 {[%emt 0:00:51]} Nc6 {[%emt 0:00:09]} 6. Bb5 {[%emt 0:01:33]} Qe7+ {[%emt 0:00:37]} 7. Be2 {[%emt 0:00:36]} Qc7 {[%emt 0:00:12]} 8. O-O {[%emt 0:00:45]} Nf6 {[%emt 0:00:09]} 9. Re1 {[%emt 0:02:58]} cxd4 {[%emt 0:00:18]} 10. Nb3 {[%emt 0:07:40]} Bb4 {[%emt 0:04:59]} 11. Bd2 {[%emt 0:01:09]} Bxd2 {[%emt 0:00:10]} 12. Qxd2 {[%emt 0:00:48]} O-O {[%emt 0:00:03]} 13. Nbxd4 {[%emt 0:06:58]} Ne4 {[%emt 0:12:10]} 14. Qe3 {[%emt 0:07:28]} Re8 {[%emt 0:15:31]} 15. Qb3 {[%emt 0:07:39]} Bg4 {[%emt 0:06:28]} 16. Rad1 {[%emt 0:10:47]} Rad8 {[%emt 0:01:37]} 17. Nxc6 {[%emt 0:08:57]} bxc6 {[%emt 0:00:32]} 18. Nd4 {[%emt 0:00:20]} Rb8 {[%emt 0:03:28]} 19. Qa3 {[%emt 0:04:18]} Bxe2 {[%emt 0:06:12]} 20. Rxe2 {[%emt 0:00:15]} c5 {[%emt 0:05:45]} 21. Nf3 {[%emt 0:03:03]} d4 {[%emt 0:07:56]} 22. Rde1 {[%emt 0:01:46]} Qc6 {[%emt 0:03:09]} 23. Qd3 {[%emt 0:01:54]} f5 {[%emt 0:07:31]} 24. Qc4+ {[%emt 0:03:54]} Qe6 {[%emt 0:00:27]} 25. Qxe6+ {[%emt 0:01:12]} Rxe6 {[%emt 0:00:02]} 26. b3 {[%emt 0:03:05]} Ra6 {[%emt 0:05:56]} 27. a4 {[%emt 0:00:22]} Rd6 {[%emt 0:03:09]} 28. Nd2 {[%emt 0:09:53]} d3 {[%emt 0:02:26]} 29. Nxe4 {[%emt 0:00:26]} fxe4 {[%emt 0:00:05]} 30. Rd2 {[%emt 0:10:25]} c4 {[%emt 0:00:50]} 31. bxc4 {[%emt 0:00:36]} Rb2 {[%emt 0:00:22]} 32. Kf1 {[%emt 0:00:49]} dxc2 {[%emt 0:04:18]} 33. Rde2 {[%emt 0:03:12]} Rd1 {[%emt 0:01:00]} 0-1

[Event "World Senior chT-65 2019"]
[Site "Rhodes"]
[Date "2019.04.18"]
[Round "3.10"]
[White "Uddenfeldt, Dan"]
[Black "Rantanen, Yrjo A."]
[Result "1/2-1/2"]
[WhiteElo "2339"]
[BlackElo "2283"]
[PlyCount "86"]
[EventDate "2019.04.16"]
[EventType "team-tourn"]
[EventCountry "GRE"]
[TimeControl "40/5400+30:1800+30"]

1. d4 {[%emt 0:00:00]} Nf6 {[%emt 0:00:00]} 2. c4 {[%emt 0:00:51]} e6 {[%emt 0:00:00]} 3. Nc3 {[%emt 0:02:25]} Bb4 {[%emt 0:00:15]} 4. e3 {[%emt 0:01:56]} O-O {[%emt 0:04:46]} 5. Bd3 {[%emt 0:03:20]} d5 {[%emt 0:03:35]} 6. Qc2 {[%emt 0:03:13]} dxc4 {[%emt 0:01:58]} 7. Bxc4 {[%emt 0:00:00]} b6 {[%emt 0:01:22]} 8. Nge2 {[%emt 0:00:00]} Bb7 {[%emt 0:06:32]} 9. O-O {[%emt 0:01:49]} Nc6 {[%emt 0:06:50]} 10. f4 {[%emt 0:13:30]} Na5 {[%emt 0:08:05]} 11. Bd3 {[%emt 0:01:26]} c5 {[%emt 0:00:54]} 12. Ne4 {[%emt 0:02:15]} Bxe4 {[%emt 0:03:21]} 13. Bxe4 {[%emt 0:00:20]} Rc8 {[%emt 0:00:00]} 14. Qd3 {[%emt 0:03:15]} cxd4 {[%emt 0:07:21]} 15. Nxd4 {[%emt 0:02:19]} Nxe4 {[%emt 0:05:16]} 16. Qxe4 {[%emt 0:00:07]} Bc5 {[%emt 0:00:46]} 17. b3 {[%emt 0:01:19]} Bxd4 {[%emt 0:02:03]} 18. exd4 {[%emt 0:02:15]} Qd5 {[%emt 0:03:34]} 19. Qxd5 {[%emt 0:02:56]} exd5 {[%emt 0:00:09]} 20. Ba3 {[%emt 0:00:19]} Rfe8 {[%emt 0:01:15]} 21. Rfe1 {[%emt 0:02:47]} Nc6 {[%emt 0:01:37]} 22. Red1 {[%emt 0:09:33]} Re2 {[%emt 0:08:24]} 23. Rdc1 {[%emt 0:04:31]} Ree8 {[%emt 0:01:50]} 24. Bb2 {[%emt 0:04:02]} Nb4 {[%emt 0:00:38]} 25. Rxc8 {[%emt 0:00:00]} Rxc8 {[%emt 0:05:50]} 26. Rc1 {[%emt 0:00:00]} Rxc1+ {[%emt 0:06:00]} 27. Bxc1 {[%emt 0:00:00]} Nxa2 {[%emt 0:02:32]} 28. Bd2 {[%emt 0:00:00]} Kf8 {[%emt 0:00:05]} 29. f5 {[%emt 0:00:00]} Ke7 {[%emt 0:00:17]} 30. Kf2 {[%emt 0:00:00]} Kd7 {[%emt 0:01:08]} 31. Kf3 {[%emt 0:01:50]} f6 {[%emt 0:01:35]} 32. g4 {[%emt 0:01:30]} h6 {[%emt 0:02:17]} 33. h4 {[%emt 0:00:47]} a5 {[%emt 0:00:41]} 34. h5 {[%emt 0:00:00]} b5 {[%emt 0:08:17]} 35. Bxa5 {[%emt 0:00:00]} Nc1 {[%emt 0:05:12]} 36. Ke3 {[%emt 0:00:00]} Nxb3 {[%emt 0:00:30]} 37. Bb4 {[%emt 0:00:00]} Ke8 {[%emt 0:00:09]} 38. Bc3 {[%emt 0:07:25]} Nc1 {[%emt 0:01:17]} 39. Kd2 {[%emt 0:01:02]} Na2 {[%emt 0:02:56]} 40. Kc2 {[%emt 0:00:00]} Nxc3 {[%emt 0:00:46]} 41. Kxc3 {[%emt 0:03:09]} Kd7 {[%emt 0:00:00]} 42. Kb4 {[%emt 0:00:14]} Kc6 {[%emt 0:00:00]} 43. Ka5 {[%emt 0:00:11]} b4 {[%emt 0:00:55]} 1/2-1/2

[Event "World Senior chT-65 2019"]
[Site "Rhodes"]
[Date "2019.04.18"]
[Round "3.11"]
[White "Hurme, Harri"]
[Black "Hammar, Bengt"]
[Result "1-0"]
[WhiteElo "2148"]
[BlackElo "2206"]
[PlyCount "59"]
[EventDate "2019.04.16"]
[EventType "team-tourn"]
[EventCountry "GRE"]
[TimeControl "40/5400+30:1800+30"]

1. d4 {[%emt 0:00:00]} Nf6 {[%emt 0:00:27]} 2. c4 {[%emt 0:00:00]} g6 {[%emt 0:00:13]} 3. Nc3 {[%emt 0:00:00]} Bg7 {[%emt 0:02:07]} 4. e4 {[%emt 0:00:00]} d6 {[%emt 0:00:20]} 5. h3 {[%emt 0:00:20]} O-O {[%emt 0:00:46]} 6. Bg5 {[%emt 0:00:11]} c5 {[%emt 0:03:05]} 7. d5 {[%emt 0:00:45]} h6 {[%emt 0:00:18]} 8. Be3 {[%emt 0:00:40]} e6 {[%emt 0:00:53]} 9. Bd3 {[%emt 0:02:46]} exd5 10. exd5 {[%emt 0:01:58]} Nbd7 {[%emt 0:03:18]} 11. Nf3 {[%emt 0:00:00]} Re8 {[%emt 0:02:48]} 12. O-O {[%emt 0:01:11]} Ne5 {[%emt 0:01:21]} 13. Nxe5 {[%emt 0:00:00]} Rxe5 {[%emt 0:00:11]} 14. Qd2 {[%emt 0:00:38]} Kh7 {[%emt 0:02:39]} 15. Bf4 {[%emt 0:02:43]} Re8 {[%emt 0:00:00]} 16. Rae1 {[%emt 0:02:05]} a6 {[%emt 0:01:13]} 17. a4 {[%emt 0:01:06]} b6 {[%emt 0:04:12]} 18. g4 {[%emt 0:06:19]} Ra7 {[%emt 0:10:18]} 19. Kg2 {[%emt 0:06:49]} Rae7 {[%emt 0:03:26]} 20. f3 {[%emt 0:02:45]} Qc7 {[%emt 0:07:19]} 21. h4 {[%emt 0:05:50]} h5 {[%emt 0:00:00]} 22. g5 {[%emt 0:11:34]} Nd7 {[%emt 0:00:00]} 23. Ne4 {[%emt 0:06:42]} Be5 {[%emt 0:02:15]} 24. Bxe5 {[%emt 0:03:42]} Rxe5 {[%emt 0:06:52]} 25. f4 {[%emt 0:00:45]} R5e7 {[%emt 0:00:27]} 26. f5 {[%emt 0:01:23]} Ne5 {[%emt 0:04:24]} 27. Nf6+ {[%emt 0:04:41]} Kh8 {[%emt 0:00:14]} 28. Nxe8 {[%emt 0:03:44]} Rxe8 {[%emt 0:00:27]} 29. fxg6 {[%emt 0:01:11]} Qd7 {[%emt 0:00:15]} 30. Bf5 {[%emt 0:02:32]} 1-0

[Event "World Senior chT-65 2019"]
[Site "Rhodes"]
[Date "2019.04.18"]
[Round "3.12"]
[White "Hedin, Gunnar"]
[Black "Kivimaki, Jaakko"]
[Result "0-1"]
[WhiteElo "2195"]
[BlackElo "2165"]
[PlyCount "90"]
[EventDate "2019.04.16"]
[EventType "team-tourn"]
[EventCountry "GRE"]
[TimeControl "40/5400+30:1800+30"]

1. c4 {[%emt 0:00:00]} e6 {[%emt 0:00:00]} 2. Nf3 {[%emt 0:00:19]} Nf6 {[%emt 0:00:00]} 3. g3 {[%emt 0:00:28]} c6 {[%emt 0:00:10]} 4. Bg2 {[%emt 0:00:15]} d5 {[%emt 0:00:04]} 5. b3 {[%emt 0:02:02]} b5 {[%emt 0:00:12]} 6. O-O {[%emt 0:03:59]} Be7 {[%emt 0:00:36]} 7. Bb2 {[%emt 0:10:13]} a5 {[%emt 0:01:15]} 8. cxb5 {[%emt 0:06:10]} cxb5 {[%emt 0:00:12]} 9. a3 {[%emt 0:00:10]} O-O {[%emt 0:03:28]} 10. d3 {[%emt 0:03:54]} Bb7 {[%emt 0:06:49]} 11. Nbd2 {[%emt 0:02:34]} Qb6 {[%emt 0:04:06]} 12. e3 {[%emt 0:10:08]} Nbd7 {[%emt 0:03:46]} 13. Qe2 {[%emt 0:05:13]} b4 {[%emt 0:01:36]} 14. a4 {[%emt 0:04:19]} Ba6 {[%emt 0:04:21]} 15. Rfc1 {[%emt 0:09:28]} Rac8 {[%emt 0:01:35]} 16. Ne5 {[%emt 0:06:47]} Nxe5 {[%emt 0:02:00]} 17. Bxe5 {[%emt 0:00:06]} Nd7 {[%emt 0:00:30]} 18. Bd4 {[%emt 0:02:07]} Qb7 {[%emt 0:05:11]} 19. e4 {[%emt 0:01:49]} Bf6 {[%emt 0:00:58]} 20. Bxf6 {[%emt 0:06:16]} Nxf6 {[%emt 0:00:09]} 21. exd5 {[%emt 0:00:52]} exd5 {[%emt 0:10:40]} 22. Nf3 {[%emt 0:12:40]} Rc3 {[%emt 0:03:23]} 23. Rxc3 {[%emt 0:01:12]} bxc3 {[%emt 0:00:06]} 24. Qc2 {[%emt 0:00:28]} Qb4 {[%emt 0:00:48]} 25. Rc1 {[%emt 0:00:35]} d4 {[%emt 0:00:58]} 26. Nxd4 {[%emt 0:00:48]} Qxd4 {[%emt 0:00:10]} 27. Qxc3 {[%emt 0:00:00]} Qxc3 {[%emt 0:01:04]} 28. Rxc3 {[%emt 0:00:02]} Rc8 {[%emt 0:00:08]} 29. Rxc8+ {[%emt 0:02:11]} Bxc8 {[%emt 0:00:06]} 30. Kf1 {[%emt 0:00:23]} Be6 {[%emt 0:00:23]} 31. Bc6 {[%emt 0:00:24]} Bxb3 {[%emt 0:00:12]} 32. Ke2 {[%emt 0:00:20]} Kf8 {[%emt 0:00:55]} 33. Ke3 {[%emt 0:00:21]} Ke7 {[%emt 0:00:12]} 34. h4 {[%emt 0:01:27]} Kd6 {[%emt 0:00:13]} 35. Bb5 {[%emt 0:00:02]} Nd5+ {[%emt 0:00:19]} 36. Kd4 {[%emt 0:02:14]} Nc7 {[%emt 0:00:35]} 37. Kc3 {[%emt 0:01:22]} Bd1 {[%emt 0:00:21]} 38. Bc4 {[%emt 0:00:16]} Nd5+ {[%emt 0:00:10]} 39. Kd4 {[%emt 0:00:22]} Bf3 {[%emt 0:02:45]} 40. Bb3 {[%emt 0:00:00]} f6 {[%emt 0:00:00]} 41. Kc4 {[%emt 0:02:57]} Nc7 {[%emt 0:01:59]} 42. Kd4 {[%emt 0:01:09]} Bc6 {[%emt 0:00:33]} 43. Kc3 {[%emt 0:02:13]} Nd5+ {[%emt 0:00:08]} 44. Kb2 {[%emt 0:00:40]} Nb6 {[%emt 0:00:14]} 45. Ka3 {[%emt 0:00:28]} Kc5 {[%emt 0:00:15]} 0-1